Представление документа в формате MARC21

Поле Инд. ПП Название Значение
Тип записи a
Библиографический уровень m
001 Контрольный номер 93f44f43899543cba3dca7ce633b1843
005 Дата корректировки 20220617135602.1
008 Кодируемые данные 220518|||||||||ru |||||||||||||||||rus||
020 00 a ISBN 978-5-4438-0924-3
084 a Индекс другой классификации/Индекс ББК 66.4(2Рос)+63.3(2)6-6
090 00 a Полочн. индекс 66.4
x Авторский знак Р 89
203 a Вид содержания Текст
c Тип средства непосредственное
245 00 a Заглавие Русские Курилы. История и современность
b Продолж. заглавия сборник документов по истории формирования русско-японской и советско-японской границы
c Ответственность Ком. по безопасности Гос. Думы по обороне, Администрация и Дума Сахалин. обл.
250 00 a Основные сведения об издании Изд. 3-е, расш. и перераб.
260 00 a Место издания Москва
b Издательство Алгоритм
c Дата издания 2015
300 00 a Объем 399, [1] с.
520 0_ a Аннотация Представленные в сборнике документы, многие из которых, включая особо ценный картографический материал, публикуются впервые, дают объективную картину истории становления и развития русско-японских отношений и формирования русско-японской и советско-японской границы, начиная с первых контактов в XVIII столетии и вплоть до нашего времени. В сборнике приводятся убедительные свидетельства исторической и юридической законности принадлежности России и СССР Курильских островов, включая группу южных островов архипелага, и показывается несостоятельность японских территориальных претензий к нашей стране. Книга подготовлена коллективом авторов, среди которых ученые-специалисты в области русско-японских, советско-японских и новейших российско-японских отношений, экономики, внешней политики и международных отношений. Для работников государственных структур, политических и общественных организаций, учебных и научных заведений и всех интересующихся данной проблематикой
650 _4 a Основная рубрика Внешняя политика России-История-Документы и материалы
650 04 a Основная рубрика Курильские острова-Российско-японские отношения-Документы и материалы
651 _4 a Географическое наименование Курильские острова
653 00 a Ключевые слова Государственные границы
a Ключевые слова Границы
a Ключевые слова Внешняя политика России
a Ключевые слова Международные отношения
a Ключевые слова Пограничный режим
a Ключевые слова Российско-японские отношения
a Ключевые слова Русско-японские отношения
a Ключевые слова Советско-японские отношения
700 12 a Другие авторы Зиланов В. К.
700 12 a Другие авторы Кошкин А. А.
700 12 a Другие авторы Плотников А. Ю.
700 12 a Другие авторы Пономарев С. А.
900 a Имя макрообъекта Русские Курилы
901 t Тип документа m